[Event "CZE-chT2D 2223"]
[Site "Czech Republic"]
[Date "2023.01.22"]
[Round "7.2"]
[White "Opravil, Karel"]
[Black "Holasek, Pavel"]
[Result "1/2-1/2"]
[WhiteElo "2083"]
[BlackElo "1982"]
[PlyCount "81"]
[EventDate "2022.10.16"]
[EventType "team-tourn"]
[EventRounds "11"]
[EventCountry "CZE"]
[SourceTitle "EXT 2024"]
[Source "ChessBase"]
[SourceDate "2023.10.10"]
[SourceVersion "1"]
[SourceVersionDate "2023.10.10"]
[SourceQuality "1"]
[WhiteTeam "Zabreh"]
[BlackTeam "Usti nad Orlici"]
[WhiteTeamCountry "CZE"]
[BlackTeamCountry "CZE"]

1. e4 e6 2. d4 d5 3. e5 c5 4. c3 Nc6 5. Nf3 Bd7 6. Be2 Qb6 7. 0-0 cxd4 8. cxd4 Nge7 9. Nc3 Nf5 10. Na4 Qc7 11. g4 Nfe7 12. Bf4 Ng6 13. Bg3 Qa5 14. Nc3 Bb4 15. Qd3 Bxc3 16. bxc3 Qa3 17. c4 Qxd3 18. Bxd3 dxc4 19. Bxc4 Na5 20. Nd2 h5 21. gxh5 Rxh5 22. Be2 Rh8 23. Bf3 Ne7 24. Rab1 Bc6 25. Bxc6+ Nexc6 26. Ne4 Nxd4 27. Nd6+ Ke7 28. Nxb7 Nc4 29. Nd6 Nxe5 30. Rfd1 Ndf3+ 31. Kg2 Rhb8 32. Rbc1 Rb2 33. Rc7+ Kf6 34. Nxf7 Nxf7 35. Kxf3 Rxa2 36. Rdd7 Ne5+ 37. Bxe5+ Kxe5 38. Rxg7 a5 39. Ra7 Rf8+ 40. Rgf7 Rh8 41. Rh7 1/2-1/2

[Event "CZE-chT2D 1920"]
[Site "Czech Republic"]
[Date "2019.11.17"]
[Round "3.3"]
[White "Sedivy, Martin"]
[Black "Opravil, Karel"]
[Result "1/2-1/2"]
[WhiteElo "2167"]
[BlackElo "2053"]
[PlyCount "63"]
[EventDate "2019.10.13"]
[EventType "team-tourn"]
[EventRounds "11"]
[EventCountry "CZE"]
[SourceTitle "EXT 2024"]
[Source "ChessBase"]
[SourceDate "2023.10.10"]
[SourceVersion "1"]
[SourceVersionDate "2023.10.10"]
[SourceQuality "1"]
[WhiteTeam "Lipa"]
[BlackTeam "Zabreh"]
[WhiteTeamCountry "CZE"]
[BlackTeamCountry "CZE"]

1. e4 e5 2. Nc3 Nf6 3. f4 d5 4. fxe5 Nxe4 5. Qf3 Nxc3 6. dxc3 Be7 7. Bf4 c5 8. 0-0-0 Be6 9. Qg3 g6 10. h4 Nc6 11. h5 g5 12. Be3 h6 13. Nf3 Qa5 14. a3 0-0-0 15. Be2 b5 16. Kb1 Rd7 17. Qf2 b4 18. cxb4 cxb4 19. Nd4 Nxd4 20. Bxd4 bxa3 21. b3 Rc7 22. Bd3 a2+ 23. Ka1 Bb4 24. Bb2 Bc3 25. Qf3 Bxb2+ 26. Kxb2 Qc3+ 27. Kxa2 Kb8 28. Ra1 Qxe5 29. Rhf1 Rc5 30. Kb1 Qc3 31. Qf6 Qxf6 32. Rxf6 1/2-1/2

[Event "CZE-chT2D 1920"]
[Site "Czech Republic"]
[Date "2019.10.13"]
[Round "1.2"]
[White "Opravil, Karel"]
[Black "Cechura, Petr"]
[Result "1/2-1/2"]
[WhiteElo "2053"]
[BlackElo "2214"]
[PlyCount "39"]
[EventDate "2019.10.13"]
[EventType "team-tourn"]
[EventRounds "11"]
[EventCountry "CZE"]
[SourceTitle "EXT 2024"]
[Source "ChessBase"]
[SourceDate "2023.10.10"]
[SourceVersion "1"]
[SourceVersionDate "2023.10.10"]
[SourceQuality "1"]
[WhiteTeam "Zabreh"]
[BlackTeam "Nachod Snezka"]
[WhiteTeamCountry "CZE"]
[BlackTeamCountry "CZE"]

1. Nf3 Nf6 2. c4 d6 3. d4 Nbd7 4. Nc3 g6 5. g3 Bg7 6. Bg2 0-0 7. 0-0 e5 8. b3 Re8 9. e3 c6 10. Bb2 Qc7 11. Rc1 Nf8 12. h3 h5 13. Qc2 exd4 14. Nxd4 Ne6 15. Nce2 Nc5 16. Nc3 Ne6 17. Nf3 Nc5 18. Nd4 Ne6 19. Nf3 Nc5 20. Nd4 1/2-1/2

[Event "CZE-chT2F 1617"]
[Site "Czech Republic"]
[Date "2017.01.29"]
[Round "7.4"]
[White "Pacl, Vaclav"]
[Black "Opravil, Karel"]
[Result "1/2-1/2"]
[WhiteElo "2114"]
[BlackElo "2015"]
[PlyCount "69"]
[EventDate "2016.10.09"]
[EventType "team-tourn"]
[EventRounds "11"]
[EventCountry "CZE"]
[SourceTitle "EXT 2022"]
[Source "ChessBase"]
[SourceDate "2021.10.06"]
[SourceVersion "1"]
[SourceVersionDate "2021.10.06"]
[SourceQuality "1"]
[WhiteTeam "Havirov Slovan"]
[BlackTeam "Unicov"]
[WhiteTeamCountry "CZE"]
[BlackTeamCountry "CZE"]

1. Nf3 c5 2. b3 Nc6 3. Bb2 d6 4. c4 e5 5. Nc3 g6 6. g3 Bg7 7. Bg2 Nge7 8. 0-0 0-0 9. d3 b6 10. a3 Bb7 11. e3 d5 12. cxd5 Nxd5 13. Nxd5 Qxd5 14. Nxe5 Qe6 15. Nc4 Rab8 16. Bxg7 Kxg7 17. Qc2 Rfd8 18. Rfd1 f6 19. Rac1 b5 20. Nd2 Ne5 21. Ne4 Bxe4 22. Bxe4 Rbc8 23. Qc3 Qh3 24. Bg2 Qd7 25. d4 cxd4 26. Rxd4 Qxd4 27. exd4 Rxc3 28. Rxc3 Rxd4 29. Rc7+ Kh6 30. Rxa7 Rd3 31. b4 Nc4 32. Bc6 Nxa3 33. Ra5 Nc2 34. Rxb5 Rd4 35. Rc5 1/2-1/2

[Event "CZE-chT2D 1516"]
[Site "Czech Republic"]
[Date "2016.03.13"]
[Round "9.4"]
[White "Szucs, Matyas"]
[Black "Opravil, Karel"]
[Result "1/2-1/2"]
[WhiteElo "2130"]
[BlackElo "2053"]
[PlyCount "25"]
[EventDate "2015.10.18"]
[EventType "team-tourn"]
[EventRounds "11"]
[EventCountry "CZE"]
[SourceTitle "EXT 2022"]
[Source "ChessBase"]
[SourceDate "2021.10.06"]
[SourceVersion "1"]
[SourceVersionDate "2021.10.06"]
[SourceQuality "1"]
[WhiteTeam "Polabiny III"]
[BlackTeam "Zabreh"]
[WhiteTeamCountry "CZE"]
[BlackTeamCountry "CZE"]

1. d4 Nf6 2. Nf3 e6 3. Nbd2 c5 4. e3 b6 5. Bd3 Bb7 6. 0-0 Be7 7. Qe2 0-0 8. c3 d6 9. Re1 Nbd7 10. Nf1 Ne4 11. Ng3 f5 12. Nd2 Ndf6 13. f3 1/2-1/2

[Event "CZE-chT2D 1516"]
[Site "Czech Republic"]
[Date "2015.11.08"]
[Round "2.5"]
[White "Opravil, Karel"]
[Black "Zeinert, Michal"]
[Result "1/2-1/2"]
[WhiteElo "2053"]
[BlackElo "2120"]
[PlyCount "73"]
[EventDate "2015.10.18"]
[EventType "team-tourn"]
[EventRounds "11"]
[EventCountry "CZE"]
[SourceTitle "EXT 2022"]
[Source "ChessBase"]
[SourceDate "2021.10.06"]
[SourceVersion "1"]
[SourceVersionDate "2021.10.06"]
[SourceQuality "1"]
[WhiteTeam "Zabreh"]
[BlackTeam "Usti nad Orlici"]
[WhiteTeamCountry "CZE"]
[BlackTeamCountry "CZE"]

1. d4 Nf6 2. c4 e6 3. g3 d5 4. Bg2 b6 5. Nf3 Ba6 6. Ne5 c6 7. 0-0 Ne4 8. cxd5 cxd5 9. Qa4+ b5 10. Qc2 Bb7 11. Nd2 Nxd2 12. Bxd2 f6 13. Nd3 Nd7 14. a4 Bd6 15. a5 a6 16. Qb3 Qe7 17. Rfc1 0-0 18. Bb4 Rfc8 19. Bxd6 Qxd6 20. Qa3 Qxa3 21. Rxa3 Rxc1+ 22. Nxc1 Rc8 23. Rc3 Rxc3 24. bxc3 Kf7 25. Nd3 Ke7 26. e3 Kd6 27. Kf1 Nb8 28. Nc5 Bc8 29. Ke1 Nc6 30. Nb3 e5 31. Kd2 g5 32. f4 gxf4 33. gxf4 Bg4 34. fxe5+ fxe5 35. Bf1 h6 36. Bd3 Be6 37. Be2 1/2-1/2

[Event "CZE-chT2D 1213"]
[Site "Czech Republic"]
[Date "2012.12.16"]
[Round "5.6"]
[White "Opravil, Karel"]
[Black "Hastik, Svatopluk"]
[Result "1-0"]
[WhiteElo "2024"]
[BlackElo "2024"]
[PlyCount "93"]
[EventDate "2012.10.14"]
[EventType "team-tourn"]
[EventRounds "11"]
[EventCountry "CZE"]
[SourceTitle "EXT 2016"]
[Source "ChessBase"]
[SourceDate "2015.10.08"]
[SourceVersion "1"]
[SourceVersionDate "2015.10.08"]
[SourceQuality "1"]
[WhiteTeam "Sumperk"]
[BlackTeam "Velke Losiny"]
[WhiteTeamCountry "CZE"]
[BlackTeamCountry "CZE"]

1. d4 g6 2. c4 Bg7 3. Nc3 d6 4. e4 Nf6 5. Nf3 0-0 6. Be2 Nbd7 7. 0-0 e5 8. d5 Nc5 9. Nd2 a5 10. b3 Bd7 11. Qc2 Ng4 12. Bb2 h5 13. h3 Nh6 14. a3 f5 15. f3 f4 16. b4 axb4 17. axb4 Rxa1 18. Rxa1 Na6 19. Ba3 Qg5 20. Kh1 Qh4 21. Qd1 Bxh3 22. Qe1 Qxe1+ 23. Rxe1 Bd7 24. c5 Ra8 25. cxd6 cxd6 26. Nc4 Bf8 27. b5 Nc7 28. Bxd6 Bxd6 29. Nxd6 Nf7 30. Nxb7 Rb8 31. Nc5 Bxb5 32. Bxb5 Nxb5 33. Rb1 Nfd6 34. Nd3 Rb7 35. Nxb5 Rxb5 36. Rxb5 Nxb5 37. Nxe5 g5 38. Kg1 Kg7 39. Kf1 Kf6 40. Nd3 Nd4 41. Kf2 Ke7 42. Nc1 Kd6 43. Ne2 Nxe2 44. Kxe2 g4 45. g3 fxg3 46. fxg4 h4 47. Kf3 1-0

[Event "CZE-chT2E 1112"]
[Site "Czech Republic"]
[Date "2012.03.25"]
[Round "10.5"]
[White "Gabriel, Adam"]
[Black "Opravil, Karel"]
[Result "1/2-1/2"]
[WhiteElo "2090"]
[BlackElo "2068"]
[PlyCount "86"]
[EventDate "2011.10.09"]
[EventType "team-tourn"]
[EventRounds "11"]
[EventCountry "CZE"]
[SourceTitle "EXT 2013"]
[Source "ChessBase"]
[SourceDate "2012.11.22"]
[SourceVersion "1"]
[SourceVersionDate "2012.11.22"]
[SourceQuality "1"]
[WhiteTeam "Borsice"]
[BlackTeam "Sumperk"]
[WhiteTeamCountry "CZE"]
[BlackTeamCountry "CZE"]

1. f4 d5 2. Nf3 Nf6 3. g3 Bg4 4. Bg2 Nbd7 5. 0-0 e6 6. d3 c6 7. Qe1 Bd6 8. e4 dxe4 9. dxe4 Bxf3 10. Bxf3 e5 11. Be3 0-0 12. Nc3 Qc7 13. f5 Bc5 14. Bxc5 Nxc5 15. Kg2 b5 16. g4 h6 17. h4 Qe7 18. Nd1 Rfd8 19. Nf2 Rd4 20. Qe3 Rad8 21. Rad1 Rxd1 22. Rxd1 Rxd1 23. Bxd1 a5 24. c3 Qd6 25. Bc2 a4 26. Kf3 Nh7 27. g5 hxg5 28. hxg5 Kf8 29. Kg4 Ke7 30. b3 f6 31. b4 Nd7 32. g6 Ng5 33. Nd3 Qc7 34. Qe1 Qb6 35. a3 Kd6 36. Nb2 Kc7 37. Bb1 c5 38. Nd1 cxb4 39. Ne3 Kb7 40. Nd5 Qc5 41. axb4 Qc4 42. Ne3 Qc6 43. Nd5 Qc4 1/2-1/2

[Event "CZE-chT2E 1112"]
[Site "Czech Republic"]
[Date "2012.03.04"]
[Round "9.6"]
[White "Krca, Milan"]
[Black "Opravil, Karel"]
[Result "1/2-1/2"]
[WhiteElo "2043"]
[BlackElo "2068"]
[PlyCount "143"]
[EventDate "2011.10.09"]
[EventType "team-tourn"]
[EventRounds "11"]
[EventCountry "CZE"]
[SourceTitle "EXT 2013"]
[Source "ChessBase"]
[SourceDate "2012.11.22"]
[SourceVersion "1"]
[SourceVersionDate "2012.11.22"]
[SourceQuality "1"]
[WhiteTeam "Stare Mesto III"]
[BlackTeam "Sumperk"]
[WhiteTeamCountry "CZE"]
[BlackTeamCountry "CZE"]

1. e4 g6 2. d4 Bg7 3. f4 d6 4. Nf3 c6 5. Be2 Nf6 6. e5 Nd5 7. c4 Nb6 8. Nc3 Bg4 9. 0-0 0-0 10. Be3 N8d7 11. h3 Bxf3 12. Rxf3 d5 13. cxd5 Nxd5 14. Bf2 Bh6 15. g3 Qb6 16. Ne4 f5 17. Rb3 Qc7 18. Nd2 Rfd8 19. Nf3 e6 20. h4 N7b6 21. Rc1 a5 22. a3 a4 23. Rd3 Qe7 24. Nd2 Bf8 25. Nc4 Qc7 26. Rd2 Nxc4 27. Rxc4 Qa5 28. Rd3 Nb6 29. Rc2 Nd5 30. Kg2 Qc7 31. Qc1 Qd7 32. Rdd2 Rdc8 33. Qg1 Qd8 34. Rd1 h5 35. Rdc1 Kg7 36. Be3 Be7 37. Qf2 Qd7 38. Qf3 Rd8 39. Bf2 Nb6 40. Be3 Qd5 41. Qxd5 Rxd5 42. Kf2 Kf7 43. Rc3 Rda5 44. b4 axb3 45. Rxb3 Nd5 46. Rxb7 Rxa3 47. Bd2 Ra2 48. Ke1 Ra1 49. Bc4 Ke8 50. Ke2 Rxc1 51. Bxc1 Kd8 52. Bb2 Kc8 53. Rb3 Kc7 54. Bxd5 cxd5 55. Bc3 Ra2+ 56. Bd2 Ra3 57. Rxa3 Bxa3 58. Kd3 Kc6 59. Kc3 Kb5 60. Kb3 Be7 61. Be1 Bd8 62. Bb4 Bc7 63. Be1 Bb8 64. Kc3 Ka4 65. Kd3 Kb3 66. Ba5 Ka4 67. Bd8 Ba7 68. Kc3 Ka3 69. Be7+ Ka4 70. Bd8 Bb8 71. Bb6 Kb5 72. Bd8 1/2-1/2

[Event "CZE-chT2F 1011"]
[Site "Czech Republic"]
[Date "2010.11.07"]
[Round "2.8"]
[White "Svoboda, Matej"]
[Black "Opravil, Karel"]
[Result "1-0"]
[WhiteElo "1883"]
[BlackElo "2064"]
[PlyCount "63"]
[EventDate "2010.10.17"]
[EventType "team-tourn"]
[EventRounds "11"]
[EventCountry "CZE"]
[SourceTitle "EXT 2012"]
[Source "ChessBase"]
[SourceDate "2011.11.24"]
[SourceVersion "1"]
[SourceVersionDate "2011.11.24"]
[SourceQuality "1"]
[WhiteTeam "Frydek Mistek II"]
[BlackTeam "Sumperk"]
[WhiteTeamCountry "CZE"]
[BlackTeamCountry "CZE"]

1. e4 c5 2. Nf3 a6 3. d4 cxd4 4. Nxd4 Nf6 5. Nc3 e5 6. Nb3 Bb4 7. Bd3 d5 8. exd5 Nxd5 9. Bd2 Nxc3 10. bxc3 Bd6 11. 0-0 0-0 12. Re1 Nc6 13. c4 Re8 14. c5 Bf8 15. Bc3 Qg5 16. Be4 Bg4 17. f3 Rad8 18. Qe2 Bd7 19. Rad1 f6 20. Bd2 Qh5 21. Be3 Kh8 22. c3 g5 23. Nd2 Qf7 24. Nc4 Be6 25. Nd6 Bxd6 26. cxd6 Bc4 27. Qb2 Bxa2 28. d7 Re7 29. Qxb7 Nb8 30. Bb6 Rexd7 31. Rxd7 Qxd7 32. Bxd8 1-0

[Event "Olomouc op"]
[Site "Olomouc"]
[Date "2010.08.05"]
[Round "2"]
[White "Groetz, Harald"]
[Black "Opravil, Karel"]
[Result "1/2-1/2"]
[WhiteElo "2315"]
[BlackElo "2087"]
[PlyCount "119"]
[EventDate "2010.08.04"]
[EventType "swiss"]
[EventRounds "9"]
[EventCountry "CZE"]
[SourceTitle "CBM 137 Extra"]
[Source "ChessBase"]
[SourceDate "2010.09.01"]
[SourceVersion "1"]
[SourceVersionDate "2010.09.01"]
[SourceQuality "1"]

1. e4 c5 2. Nf3 a6 3. c4 e6 4. Nc3 d6 5. d4 cxd4 6. Nxd4 Qc7 7. Bd3 Nf6 8. 0-0 b6 9. f4 Nbd7 10. f5 Ne5 11. Kh1 Be7 12. Be3 0-0 13. Rc1 Nfg4 14. Bg1 Nxd3 15. Qxd3 Nf6 16. Bf2 Ng4 17. Bg3 Ne5 18. Bxe5 dxe5 19. Qg3 Bh4 20. Qxh4 exd4 21. f6 Qe5 22. Na4 Bb7 23. Nxb6 Rad8 24. Nd5 Bxd5 25. exd5 gxf6 26. Rxf6 d3 27. Qg3+ Qxg3 28. hxg3 Kg7 29. Rf3 d2 30. Rd1 exd5 31. c5 Rfe8 32. Rxd2 Re1+ 33. Kh2 Rc1 34. Ra3 d4 35. Rad3 Rxc5 36. Rxd4 Rxd4 37. Rxd4 Rc2 38. Ra4 Rxb2 39. Rxa6 Rb1 40. g4 Rc1 41. Kg3 Rc3+ 42. Kh4 Rc2 43. Kh3 Rc3+ 44. g3 Rc1 45. Rd6 Rc4 46. Rd2 Ra4 47. Rf2 Kg6 48. Re2 Kg7 49. Rb2 Kg6 50. Rf2 Kg7 51. Kh4 Kg6 52. Kh3 Kg7 53. Rd2 Kg6 54. Rc2 Kg7 55. Rf2 Kg6 56. Kh4 Kg7 57. Kg5 Ra3 58. Kf4 Ra4+ 59. Kf5 Ra3 60. Kf4 1/2-1/2

[Event "CZE-chT2F 0910"]
[Site "Czech Republic"]
[Date "2010.04.18"]
[Round "11.6"]
[White "Mikulec, Jiri"]
[Black "Opravil, Karel"]
[Result "1/2-1/2"]
[WhiteElo "2055"]
[BlackElo "2078"]
[PlyCount "84"]
[EventDate "2009.10.18"]
[EventType "team-tourn"]
[EventRounds "11"]
[EventCountry "CZE"]
[SourceTitle "EXT 2012"]
[Source "ChessBase"]
[SourceDate "2011.11.24"]
[SourceVersion "1"]
[SourceVersionDate "2011.11.24"]
[SourceQuality "1"]
[WhiteTeam "Dobra"]
[BlackTeam "Sumperk"]
[WhiteTeamCountry "CZE"]
[BlackTeamCountry "CZE"]

1. e4 c5 2. Nf3 a6 3. c4 e6 4. Nc3 d6 5. d4 cxd4 6. Nxd4 Nf6 7. Be2 Be7 8. Be3 Qc7 9. 0-0 Nbd7 10. Rc1 b6 11. Qd2 Bb7 12. f3 Rc8 13. Rfd1 0-0 14. g4 Rfd8 15. g5 Ne8 16. f4 Qb8 17. f5 e5 18. Nc2 Qa8 19. Nd5 Bxd5 20. exd5 Nc5 21. Bxc5 dxc5 22. Bg4 f6 23. h4 Nd6 24. Ne1 b5 25. b3 bxc4 26. bxc4 Rb8 27. Nd3 Qa7 28. Qe3 Bf8 29. Qxc5 Qxc5+ 30. Nxc5 Rdc8 31. Nd7 Rb4 32. Be2 Nxc4 33. gxf6 gxf6 34. Nxf6+ Kf7 35. Nd7 Bd6 36. Bxc4 Rbxc4 37. Rxc4 Rxc4 38. Re1 Rxh4 39. Nxe5+ Bxe5 40. Rxe5 Rd4 41. Re6 Rxd5 42. Rxa6 Rxf5 1/2-1/2

[Event "CZE-chT2F 0910"]
[Site "Czech Republic"]
[Date "2010.03.28"]
[Round "10.5"]
[White "Hrabovsky, Vladimir"]
[Black "Opravil, Karel"]
[Result "1/2-1/2"]
[WhiteElo "2039"]
[BlackElo "2078"]
[PlyCount "101"]
[EventDate "2009.10.18"]
[EventType "team-tourn"]
[EventRounds "11"]
[EventCountry "CZE"]
[SourceTitle "EXT 2012"]
[Source "ChessBase"]
[SourceDate "2011.11.24"]
[SourceVersion "1"]
[SourceVersionDate "2011.11.24"]
[SourceQuality "1"]
[WhiteTeam "Vsetin"]
[BlackTeam "Sumperk"]
[WhiteTeamCountry "CZE"]
[BlackTeamCountry "CZE"]

1. Nf3 Nf6 2. g3 b6 3. Bg2 Bb7 4. 0-0 e6 5. c4 c5 6. Nc3 Be7 7. d4 cxd4 8. Qxd4 d6 9. Be3 0-0 10. Rfd1 Nc6 11. Qd2 Na5 12. b3 Ne4 13. Nxe4 Bxe4 14. Rac1 Rc8 15. Bd4 Qc7 16. Bxg7 Kxg7 17. Qd4+ e5 18. Qxe4 f5 19. Qd5 Nc6 20. e3 e4 21. Nd4 Nxd4 22. Qxd4+ Bf6 23. Qxd6 Qxd6 24. Rxd6 Rfd8 25. Rcd1 Rxd6 26. Rxd6 Rd8 27. Rxd8 Bxd8 28. f3 exf3 29. Bxf3 Be7 30. e4 Kf6 31. Kf1 h6 32. Ke2 fxe4 33. Bxe4 Ke5 34. Kd3 a5 35. Bb7 Bc5 36. Bc8 Bg1 37. h3 Bf2 38. g4 Bh4 39. c5 bxc5 40. Kc4 Kd6 41. Kb5 Bd8 42. h4 Bxh4 43. Kxa5 Kc7 44. Bf5 Kb7 45. Kb5 Bf2 46. a4 Ka7 47. a5 Be3 48. Bd3 Bf2 49. Kc6 Be3 50. a6 Bf2 51. Kd5 1/2-1/2

[Event "CZE-chT2F 0910"]
[Site "Czech Republic"]
[Date "2010.01.31"]
[Round "6.7"]
[White "Opravil, Karel"]
[Black "Benda, Ales"]
[Result "1-0"]
[WhiteElo "2078"]
[BlackElo "2180"]
[PlyCount "67"]
[EventDate "2009.10.18"]
[EventType "team-tourn"]
[EventRounds "11"]
[EventCountry "CZE"]
[SourceTitle "EXT 2012"]
[Source "ChessBase"]
[SourceDate "2011.11.24"]
[SourceVersion "1"]
[SourceVersionDate "2011.11.24"]
[SourceQuality "1"]
[WhiteTeam "Sumperk"]
[BlackTeam "Morkov"]
[WhiteTeamCountry "CZE"]
[BlackTeamCountry "CZE"]

1. d4 Nf6 2. Bg5 e6 3. Nd2 c5 4. e3 Nc6 5. Ngf3 d5 6. c3 Be7 7. Bd3 0-0 8. Qe2 Qb6 9. Rb1 Qa5 10. a3 c4 11. Bc2 b5 12. Ne5 Qc7 13. f4 a5 14. 0-0 b4 15. Rbe1 Bb7 16. Rf3 Nxe5 17. fxe5 Ne4 18. Nxe4 dxe4 19. Rg3 Bxg5 20. Rxg5 Qe7 21. Rg3 bxa3 22. bxa3 Qxa3 23. Qg4 g6 24. h4 Qxc3 25. Rf1 Qxc2 26. h5 Bd5 27. Qg5 Qe2 28. Rh3 c3 29. Qf6 c2 30. h6 Qxf1+ 31. Kxf1 c1Q+ 32. Kf2 Qd2+ 33. Kg1 Qe1+ 34. Kh2 1-0